000
00229nam a22000857a 4500
008
170527b xxu||||| |||| 00| 0 eng d
100
_9
3166
_a
Grewal.T.S.etal.
245
_a
Double Entry Book Keeping
260
_a
New Delhi
_b
S.C.C.S.
_c
1994
999
_c
6469
_d
6469